UBT Library

THE NEW RULES OF MARKETING (Record no. 58723)

000 -LEADER
fixed length control field 00330nam a22001457a 4500
008 - FIXED-LENGTH DATA ELEMENTS--GENERAL INFORMATION
fixed length control field 221103b ||||| |||| 00| 0 eng d
020 ## - INTERNATIONAL STANDARD BOOK NUMBER
International Standard Book Number 9780470547816
041 ## - LANGUAGE CODE
Language code of text/sound track or separate title eng
080 ## - UNIVERSAL DECIMAL CLASSIFICATION NUMBER
Edition identifier second edition
Universal Decimal Classification number 339
082 ## - DEWEY DECIMAL CLASSIFICATION NUMBER
Classification number 339
100 ## - Rafti
Rafti 23
101 ## - Shkurtesa
Shkurtesa mar
245 ## - TITLE STATEMENT
Title THE NEW RULES OF MARKETING
Statement of responsibility, etc SCOBLE R
942 ## - ADDED ENTRY ELEMENTS (KOHA)
Source of classification or shelving scheme
Item type Books
Holdings
Withdrawn status Lost status Source of classification or shelving scheme Damaged status Not for loan Collection code Permanent location Current location Date acquired Total Checkouts Full call number Barcode Date last seen Price effective from Koha item type
          Koleksioni i përgjithshem UBT - Lipjan UBT - Lipjan 11/03/2022   339 SCO 002-800028700260413 11/03/2022 11/03/2022 Books
UBT Library © 2015-2024. All rights reserved University Education for Business and Technology